Statistics for Guess the search engine!

Click here to take the quiz!

General Stats

  • This quiz has been taken 29 times
  • The average score is 3 of 5

Answer Stats

HintAnswer% Correct
Most popular in 2022Google
100%
Microsoft!Bing
79%
Popular in 1998Yahoo
59%
PrivacyDuckduckgo
55%
Plants treesEcosia
24%

Score Distribution

Percentile by Number Answered

Percent of People with Each Score

Your Score History

You have not taken this quiz